000 00883cam a22002773a 4500
001 3172
003 PGUSA
005 20140828083026.0
008 040916s2004||||xxu|||||s|||||000 | eng d
040 _aPGUSA
_beng
042 _adc
050 4 _aPS
100 1 _aTwain, Mark,
_d1835-1910
245 1 0 _aFenimore Cooper's Literary Offences
_h[electronic resource] /
_cMark Twain
260 _bProject Gutenberg,
_c2004
506 _aPublic domain in the USA.
516 _aElectronic text
653 _aNational characteristics, American, in literature
653 _aUnited States -- Civilization
653 _aAmerican literature -- History and criticism -- Theory, etc.
653 _aCriticism -- United States
653 _aLiterature and society -- United States
830 0 _aProject Gutenberg
_v3172
856 4 0 _uhttp://www.gutenberg.org/ebooks/3172
942 _cEB
999 _c232501
_d232501